000 00426nam a2200169Ia 4500
003 Ost
005 20260119050027.0
008 251219s9999 xx 000 0 und d
041 _aeng
082 _a158.1 SCH DB3280
_bDB3280
100 _aSchwarzenegger A
_9215999
245 _aBe useful
260 _bPenguin Random House/ UK
_c2023
300 _a263
_bPaper Back
500 _aPersonality Development
942 _2ddc
_cDB
999 _c369534
_d369534